000 00589nam a2200181Ia 4500
008 220531s9999 xx 000 0 und d
041 _amar
082 _bDAS
100 _aदास्‍ताने आणि इतर
_931775
245 _aभारतीय अर्थव्‍यवस्‍था व महाराष्ट्राची अर्थव्‍यवस्‍था
250 _a1ST
260 _aMumbai
_bSeth
_c1992
300 _a249
542 _d01-01-2010
650 _aEconomics
_931776
906 _d2009-2010
_d2014-2015
_f2739
999 _c19858
_d19858